MARC

LEADER 00000nam0a2200000 4500
001 300795
005 20231102001334.0
020 |a RU  |b 82-38878 
035 |a (RuTPU)RU\TPU\book\325948 
090 |a 300795 
100 |a 20150716d1982 k y0rusy5003 ca 
101 0 |a rus 
102 |a RU 
105 |a a z 001zy 
200 1 |a Тепловые системы контроля параметров процессов химической технологии  |f П. А. Обновленский, Г. А. Соколов 
210 |a Ленинград  |c Химия  |d 1982 
215 |a 174 с.  |c ил. 
320 |a Библиогр.: с. 170-171 
606 1 |a Теплоизмерительные приборы, автоматические  |2 stltpush  |3 (RuTPU)RU\TPU\subj\59737  |9 77236 
606 1 |a Химическая технология  |x Процессы,типовые  |2 stltpush  |3 (RuTPU)RU\TPU\subj\30944  |9 53946 
610 1 |a химические процессы 
610 1 |a системы контроля 
610 1 |a параметры 
610 1 |a тепловые преобразователи 
610 1 |a состав 
610 1 |a потоки 
610 1 |a расход 
610 1 |a информационное обеспечение 
610 1 |a комплексные измерения 
675 |a 536.5  |v 3 
675 |a 66.011  |v 3 
700 1 |a Обновленский  |b П. А.  |g Петр Авенирович 
701 1 |a Соколов  |b Г. А.  |g Геннадий Александрович 
801 0 |a RU  |b RuMRKP  |c 19950704  |g psbo 
801 1 |a RU  |b 63413507  |c 20150716 
801 2 |a RU  |b 63413507  |c 20190402  |g RCR 
942 |c BK